书目信息 |
| 题名: |
优质优价
|
|
| 作者: | 沃贝克 , 佩蒂 著 ;屈云波 , 金珞欣 译 | |
| 分册: | ||
| 出版信息: | 北京 企业管理出版社 2013 |
|
| 页数: | 143页 | |
| 开本: | 24cm | |
| 丛书名: | ||
| 单 册: | ||
| 中图分类: | F276.3 | |
| 科图分类: | ||
| 主题词: | 中小企业--企业经营管理 , 中小企业 , 企业经营管理 | |
| 电子资源: | ||
| ISBN: | 978-7-5164-0345-7 | |
| 000 | 01558nam0 22003251 450 | |
| 001 | 519 | |
| 005 | 20140909092615.82 | |
| 010 | @a978-7-5164-0345-7@dCNY38.50 | |
| 100 | @a20130627d2013 em y0chiy50 ea | |
| 101 | 1 | @achi@ceng |
| 102 | @aCN@b110000 | |
| 105 | @ay z 000yy | |
| 106 | @ar | |
| 200 | 1 | @a优质优价@AYou Zhi You Jia@e小微企业的经营智慧与营销宝典@EXiao Wei Qi Ye De Jing Ying Zhi Hui Yu Ying Xiao Bao Dian@dWorth every penny@ebuild a business that thrills your customers and still charge what you're worth@f(美)Erin Verbeck,(美)Sarah Petty著@F( Mei )Erin Verbeck,( Mei )Sarah Petty Zhu@g屈云波,金珞欣译@zeng |
| 210 | @a北京@c企业管理出版社@d2013 | |
| 215 | @a143页@d24cm | |
| 300 | @aPilot派力营销图书 中国营销人员的工具库和教材库 332/屈云波主编 | |
| 330 | @a本书通过通俗易懂的语言和来自小微企业的引人入胜的真实案例阐释了商业经济学和市场营销学的基本原理,进一步佐证了作者提出的精品模式的可行性与实用性。 | |
| 510 | 1 | @aWorth every penny@ebuild a business that thrills your customers and still charge what you're worth@zeng |
| 517 | 1 | @a小微企业的经营智慧与营销宝典@AXiao Wei Qi Ye De Jing Ying Zhi Hui Yu Ying Xiao Bao Dian |
| 606 | 0 | @a中小企业@x企业经营管理 |
| 606 | 0 | @a中小企业 |
| 606 | 0 | @a企业经营管理 |
| 690 | @aF276.3@v5 | |
| 701 | 0 | @g(美)@a沃贝克@AWo Bei Ke@g( 女,Verbeck, Erin)@4著 |
| 701 | 0 | @g(美)@a佩蒂@APei Di@g(女,Petty, Sarah)@4著 |
| 702 | 0 | @a屈云波@AQu Yun Bo@4译 |
| 702 | 0 | @a金珞欣@AJin Luo Xin@g(女,@f1988~)@4译 |
| 801 | 0 | @aCN@bTANGWEI@c20140603 |
| 905 | @b0836673-75@dF276.3@e1107@f3 | |
| 优质优价:小微企业的经营智慧与营销宝典=Worth every penny:build a business that thrills your customers and still charge what you're worth/(美)Erin Verbeck,(美)Sarah Petty著/屈云波,金珞欣译.-北京:企业管理出版社,2013 |
| 143页;24cm |
| Pilot派力营销图书 中国营销人员的工具库和教材库 332/屈云波主编 |
| ISBN 978-7-5164-0345-7:CNY38.50 |
| 本书通过通俗易懂的语言和来自小微企业的引人入胜的真实案例阐释了商业经济学和市场营销学的基本原理,进一步佐证了作者提出的精品模式的可行性与实用性。 |
| ● |
| 相关链接 |
|
|
|
|
正题名:优质优价
索取号:F276.3/1107
 
预约/预借
| 序号 | 登录号 | 条形码 | 馆藏地/架位号 | 状态 | 备注 |
| 1 | 0836673 | 208366739 | 第一样本阅览室/ [索取号:F276.3/1107] | 在馆 | |
| 2 | 0836674 | 208366748 | 第一借阅区/ [索取号:F276.3/1107] | 在馆 | |
| 3 | 0836675 | 208366757 | 密集书库-海洋学院/ [索取号:F276.3/1107] | 在馆 |